| 000 | 01027cam a22002775a 4500 | ||
|---|---|---|---|
| 001 | L155552 | ||
| 008 | 100901s2012 xxk f 001 0 eng d | ||
| 020 | _a9781907196263 | ||
| 022 | 1 | _a2045-4732 | |
| 035 | _a(Sirsi) u155552 | ||
| 041 | 0 | _aeng | |
| 050 | 0 | 4 | _a692.5 $2 18 |
| 110 | 2 |
_aBuilding Cost Information Service _91096 |
|
| 245 | 0 | 0 |
_aBuilding maintenance price book _b2012 |
| 250 | _a32nd ed. | ||
| 260 |
_aLondon _bBCIS _c2012 |
||
| 300 |
_a306p. _bspiral bound _c21cm. |
||
| 505 | 2 | _aIntroduction -- Basic costs -- Labour constants -- Measured rates -- Index | |
| 520 | _aThis books gives up to date representation on prices for maintenance and repair work. It provides a realistic expectations on costs involving works as well as a sound source of maintenance cost information for estimating and pricing. | ||
| 520 | _aSupersedes 31st edition (ISBN 9781907196041). | ||
| 521 | _aAdvanced | ||
| 590 | _aKA | ||
| 651 | 4 |
_aUnited Kingdom _y |
|
| 690 | _aBUILT ENVIRONMENT-BUILDING COSTS | ||
| 942 | _n0 | ||
| 999 |
_c113656 _d113656 |
||